[Event "POL-chT2 South"]
[Site "Ustron"]
[Date "2001.09.??"]
[Round "?"]
[White "Grobelny, Alojzy"]
[Black "Zaskalski, Pawel"]
[Result "1/2-1/2"]
[WhiteElo "2194"]
[BlackElo "2149"]
[PlyCount "81"]
[EventDate "2001.09.14"]
[EventType "team-swiss"]
[EventRounds "10"]
[EventCountry "POL"]
[SourceTitle "EXT 2019"]
[Source "ChessBase"]
[SourceDate "2018.10.10"]
[SourceVersion "1"]
[SourceVersionDate "2018.10.10"]
[SourceQuality "1"]

1. d4 Nf6 2. c4 g6 3. Nc3 d5 4. cxd5 Nxd5 5. e4 Nxc3 6. bxc3 Bg7 7. Bc4 c5 8. Ne2 0-0 9. Be3 Nc6 10. 0-0 Bg4 11. f3 Na5 12. Bd3 cxd4 13. cxd4 Be6 14. Rc1 Bxa2 15. Qa4 Bb3 16. Qb4 b6 17. Ba6 Qd6 18. Qb5 Be6 19. d5 Bc8 20. Nd4 Qa3 21. Nc2 Qb2 22. Rfd1 Bxa6 23. Qxa6 Nb3 24. Rb1 Qxc2 25. Qa4 Nd4 26. Qb4 Ne2+ 27. Kh1 Nc3 28. Rbc1 Qe2 29. Re1 Qb5 30. Qa3 Rfc8 31. Qxe7 Qe8 32. Qb7 Nb5 33. Rcd1 Nd6 34. Qa6 Nc4 35. Bc1 Qd7 36. f4 Rc5 37. d6 Rac8 38. Qa2 Nxd6 39. Be3 Rc2 40. Qd5 Qg4 41. e5 1/2-1/2

[Event "POL-chT 56th"]
[Site "Zakopane"]
[Date "2000.09.08"]
[Round "6"]
[White "Myc, Marcin"]
[Black "Grobelny, Alojzy"]
[Result "0-1"]
[WhiteElo "2278"]
[BlackElo "2244"]
[PlyCount "54"]
[EventDate "2000.09.02"]
[EventType "team-tourn"]
[EventRounds "11"]
[EventCountry "POL"]
[SourceTitle "EXT 2019"]
[Source "ChessBase"]
[SourceDate "2018.10.10"]
[SourceVersion "1"]
[SourceVersionDate "2018.10.10"]
[SourceQuality "1"]
[WhiteTeam "Lublin UMCS"]
[BlackTeam "Kozuchow Odrodzenie"]
[WhiteTeamCountry "POL"]
[BlackTeamCountry "POL"]

1. d4 d5 2. c4 e6 3. Nc3 c5 4. cxd5 exd5 5. Nf3 Nc6 6. g3 Nf6 7. Bg2 Be7 8. 0-0 0-0 9. b3 Ne4 10. Na4 Bf6 11. Bb2 b6 12. Rc1 Ba6 13. dxc5 Bxb2 14. Nxb2 bxc5 15. Na4 Re8 16. Re1 c4 17. Nd2 Qf6 18. Nxe4 dxe4 19. bxc4 Rad8 20. Qb3 Qg5 21. Nc3 f5 22. Qa4 Bb7 23. Nd5 Rd7 24. Rb1 Ba8 25. Rb2 Rc8 26. Reb1 Qd8 27. h4 Ne5 0-1

[Event "POL-chT 56th"]
[Site "Zakopane"]
[Date "2000.09.04"]
[Round "3"]
[White "Grobelny, Alojzy"]
[Black "Grycel, Kamil"]
[Result "1-0"]
[WhiteElo "2244"]
[BlackElo "2218"]
[PlyCount "101"]
[EventDate "2000.09.02"]
[EventType "team-tourn"]
[EventRounds "11"]
[EventCountry "POL"]
[SourceTitle "EXT 2019"]
[Source "ChessBase"]
[SourceDate "2018.10.10"]
[SourceVersion "1"]
[SourceVersionDate "2018.10.10"]
[SourceQuality "1"]
[WhiteTeam "Kozuchow Odrodzenie"]
[BlackTeam "Suwalki Hancza"]
[WhiteTeamCountry "POL"]
[BlackTeamCountry "POL"]

1. d4 Nf6 2. c4 e6 3. Nf3 Bb4+ 4. Bd2 a5 5. Nc3 d6 6. e3 Nbd7 7. a3 Bxc3 8. Bxc3 Ne4 9. Rc1 f5 10. Bd3 Ndf6 11. 0-0 0-0 12. Be1 a4 13. Qc2 c5 14. Nd2 cxd4 15. exd4 Ng5 16. h4 Nf7 17. Nf3 b6 18. Bb4 Bb7 19. d5 exd5 20. Bxf5 Kh8 21. Nd4 Re8 22. cxd5 Bxd5 23. Qc7 g6 24. Bd3 Rc8 25. Qxd8 Rexd8 26. Bb5 Ra8 27. Rc7 Kg8 28. Re1 Ne4 29. f3 Nc5 30. Nc6 Bxc6 31. Bxc6 Rac8 32. Ree7 Rxc7 33. Rxc7 Na6 34. Ra7 Nxb4 35. axb4 Ne5 36. Bd5+ Kh8 37. Rxa4 Nd3 38. b5 Rd7 39. Ra6 Nb4 40. Bc6 Nxa6 41. bxa6 Ra7 42. Bb7 Kg7 43. Kf2 Kf6 44. Ke3 Ke5 45. g4 h6 46. f4+ Kf6 47. Ke4 Ke6 48. f5+ gxf5+ 49. gxf5+ Ke7 50. Kd5 Kd7 51. f6 1-0

[Event "Polanica Zdroj op-A"]
[Site "Polanica Zdroj"]
[Date "2000.08.17"]
[Round "1"]
[White "Socko, Bartosz"]
[Black "Grobelny, Alojzy"]
[Result "1-0"]
[WhiteElo "2528"]
[BlackElo "2244"]
[PlyCount "77"]
[EventDate "2000.08.17"]
[EventType "swiss"]
[EventRounds "10"]
[EventCountry "POL"]
[SourceTitle "EXT 2001"]
[Source "ChessBase"]
[SourceDate "2000.11.22"]
[SourceVersion "1"]
[SourceVersionDate "2000.11.22"]
[SourceQuality "1"]

1. e4 c5 2. Nf3 e6 3. d4 cxd4 4. Nxd4 Nc6 5. Nc3 d6 6. Be3 Nf6 7. f3 Be7 8. Qd2 0-0 9. g4 Nxd4 10. Bxd4 a6 11. 0-0-0 b5 12. g5 Nd7 13. h4 Bb7 14. Kb1 Rc8 15. a3 Ne5 16. Qf2 Nc4 17. g6 f5 18. exf5 h6 19. Bh3 Bxh4 20. Qe2 e5 21. f6 Qxf6 22. Bxc8 Bxf3 23. Nd5 Bxe2 24. Nxf6+ Rxf6 25. Rdg1 Nd2+ 26. Ka1 Nf3 27. Rg2 Nxd4 28. Rxh4 Nxc2+ 29. Ka2 Bd3 30. Bxa6 Nd4 31. b3 Rxg6 32. Rxg6 Bxg6 33. a4 bxa4 34. Bc4+ Bf7 35. Bxf7+ Kxf7 36. bxa4 d5 37. Rxd4 exd4 38. a5 d3 39. Kb2 1-0

[Event "POL-chT 2nd div South"]
[Site "Polanica Zdroj"]
[Date "1999.??.??"]
[Round "10"]
[White "Grobelny, Alojzy"]
[Black "Dobrowolski, Aleksander"]
[Result "1/2-1/2"]
[WhiteElo "2202"]
[BlackElo "2173"]
[PlyCount "61"]
[EventDate "1999.09.17"]
[EventType "team-swiss"]
[EventRounds "10"]
[EventCountry "POL"]
[SourceTitle "EXT 2001"]
[Source "ChessBase"]
[SourceDate "2000.11.22"]
[SourceVersion "1"]
[SourceVersionDate "2000.11.22"]
[SourceQuality "1"]
[WhiteTeam "Kozuchow Odrodzenie"]
[BlackTeam "POL-chT 2nd div South 02"]
[WhiteTeamCountry "POL"]
[BlackTeamCountry "POL"]

1. d4 Nf6 2. c4 g6 3. Nc3 Bg7 4. e4 d6 5. f4 c5 6. d5 e6 7. Nf3 exd5 8. cxd5 0-0 9. Be2 Bg4 10. 0-0 Nbd7 11. Nd2 Bxe2 12. Qxe2 Re8 13. Qf3 a6 14. a4 b6 15. Nc4 Qc7 16. f5 Rab8 17. Bf4 Bf8 18. Bg5 b5 19. axb5 axb5 20. fxg6 hxg6 21. Nd2 Bg7 22. Qf4 b4 23. Ne2 c4 24. Rac1 Ne5 25. Bxf6 Nd3 26. Qf3 Nxc1 27. Rxc1 Qa7+ 28. Kf1 Bxf6 29. Qxf6 Rbc8 30. Nxc4 Rxe4 31. Nxd6 1/2-1/2

[Event "POL-chT 2nd div South"]
[Site "Polanica Zdroj"]
[Date "1999.??.??"]
[Round "1"]
[White "Grobelny, Alojzy"]
[Black "Lercel, Michal"]
[Result "1/2-1/2"]
[WhiteElo "2202"]
[BlackElo "2123"]
[PlyCount "40"]
[EventDate "1999.09.17"]
[EventType "team-swiss"]
[EventRounds "10"]
[EventCountry "POL"]
[SourceTitle "EXT 2001"]
[Source "ChessBase"]
[SourceDate "2000.11.22"]
[SourceVersion "1"]
[SourceVersionDate "2000.11.22"]
[SourceQuality "1"]
[WhiteTeam "Kozuchow Odrodzenie"]
[BlackTeam "POL-chT 2nd div South 01"]
[WhiteTeamCountry "POL"]
[BlackTeamCountry "POL"]

1. d4 Nf6 2. c4 g6 3. Nc3 Bg7 4. e4 0-0 5. f4 d6 6. Nf3 c5 7. d5 e6 8. Be2 exd5 9. e5 Ne8 10. cxd5 Nd7 11. e6 fxe6 12. Ng5 Nb6 13. dxe6 Qe7 14. a4 Bxe6 15. a5 Nd7 16. 0-0 Nc7 17. Nxe6 Qxe6 18. Bg4 Bd4+ 19. Kh1 Qf7 20. Ne2 Bg7 1/2-1/2

[Event "POL-chT 2nd div South"]
[Site "Polanica Zdroj"]
[Date "1999.??.??"]
[Round "3"]
[White "Grobelny, Alojzy"]
[Black "Szymczak, Zbigniew"]
[Result "0-1"]
[WhiteElo "2202"]
[BlackElo "2295"]
[PlyCount "41"]
[EventDate "1999.09.17"]
[EventType "team-swiss"]
[EventRounds "10"]
[EventCountry "POL"]
[SourceTitle "EXT 2001"]
[Source "ChessBase"]
[SourceDate "2000.11.22"]
[SourceVersion "1"]
[SourceVersionDate "2000.11.22"]
[SourceQuality "1"]
[WhiteTeam "Kozuchow Odrodzenie"]
[BlackTeam "POL-chT 2nd div South 21"]
[WhiteTeamCountry "POL"]
[BlackTeamCountry "POL"]

1. d4 g6 2. c4 Bg7 3. Nc3 c5 4. d5 d6 5. e4 Nf6 6. f4 0-0 7. Nf3 e6 8. Be2 exd5 9. e5 dxe5 10. fxe5 Ng4 11. Ng5 Qa5 12. cxd5 Nxe5 13. 0-0 Nbd7 14. Be3 Re8 15. d6 Nf3+ 16. Bxf3 Bd4 17. Kh1 Ne5 18. Bd5 Bf5 19. Rxf5 gxf5 20. Qh5 Re7 21. dxe7 0-1

[Event "POL-chT 2nd div South"]
[Site "Polanica Zdroj"]
[Date "1999.??.??"]
[Round "8"]
[White "Grobelny, Alojzy"]
[Black "Tomaszewski, Roman"]
[Result "0-1"]
[WhiteElo "2202"]
[BlackElo "2345"]
[PlyCount "72"]
[EventDate "1999.09.17"]
[EventType "team-swiss"]
[EventRounds "10"]
[EventCountry "POL"]
[SourceTitle "EXT 2001"]
[Source "ChessBase"]
[SourceDate "2000.11.22"]
[SourceVersion "1"]
[SourceVersionDate "2000.11.22"]
[SourceQuality "1"]
[WhiteTeam "Kozuchow Odrodzenie"]
[BlackTeam "POL-chT 2nd div South 26"]
[WhiteTeamCountry "POL"]
[BlackTeamCountry "POL"]

1. d4 Nf6 2. c4 g6 3. Nc3 d5 4. cxd5 Nxd5 5. e4 Nxc3 6. bxc3 Bg7 7. Bc4 Nc6 8. Ne2 0-0 9. 0-0 e5 10. d5 Na5 11. Bd3 c6 12. dxc6 Nxc6 13. Bc4 Qc7 14. Be3 Bd7 15. Bd5 Ne7 16. c4 Nxd5 17. cxd5 Qc4 18. f3 Rfc8 19. Qd2 Bb5 20. Ng3 Bf8 21. Rfc1 Qa4 22. Qf2 b6 23. h4 Ba3 24. Rxc8+ Rxc8 25. Nf5 Bd7 26. Qg3 f6 27. h5 Bxf5 28. exf5 g5 29. h6 Kf7 30. Qe1 Qc2 31. Qf1 Qc3 32. Kf2 Qb2+ 33. Kg1 Rc3 34. d6 Bxd6 35. Rd1 Be7 36. Qa6 Rd3 0-1

[Event "Polanica Zdroj op"]
[Site "Polanica Zdroj"]
[Date "1997.??.??"]
[Round "1"]
[White "Grobelny, Alojzy"]
[Black "Vaulin, Alexander"]
[Result "0-1"]
[WhiteElo "2245"]
[BlackElo "2530"]
[PlyCount "36"]
[EventDate "1997.08.??"]
[EventType "swiss"]
[EventRounds "10"]
[EventCountry "POL"]
[SourceTitle "EXT 2000"]
[Source "ChessBase"]
[SourceDate "1999.11.16"]
[SourceVersion "1"]
[SourceVersionDate "1999.11.16"]
[SourceQuality "1"]

1. d4 f5 2. g3 Nf6 3. Bg2 g6 4. Nh3 Bg7 5. Nf4 Nc6 6. h4 e5 7. dxe5 Nxe5 8. Nc3 c6 9. e4 fxe4 10. Nxe4 Nxe4 11. Bxe4 d5 12. Bg2 Bg4 13. f3 Bf5 14. Qe2 Qb6 15. Nd3 0-0 16. Kf1 Nxd3 17. cxd3 Rae8 18. Qd1 Qd4 0-1